[Event "Ceske Budejovice op-B"]
[Site "Ceske Budejovice"]
[Date "2020.07.07"]
[Round "7"]
[White "Berkovec, Jakub"]
[Black "Kutak, Jaroslav"]
[Result "1/2-1/2"]
[WhiteElo "1224"]
[BlackElo "1737"]
[PlyCount "77"]
[EventDate "2020.07.01"]
[EventType "swiss"]
[EventRounds "9"]
[EventCountry "CZE"]
[SourceTitle "CBM 197 Extra"]
[Source "ChessBase"]
[SourceDate "2020.09.30"]
[SourceVersion "1"]
[SourceVersionDate "2020.09.30"]
[SourceQuality "1"]

1. e4 d5 2. exd5 Qxd5 3. Nc3 Qd8 4. d4 Bf5 5. Nf3 e6 6. Bd3 Bxd3 7. Qxd3 a6 8. Be3 Nf6 9. 0-0-0 c6 10. Qd2 Bb4 11. Qd3 Bxc3 12. Qxc3 Nd5 13. Qd3 Nxe3 14. Qxe3 Nd7 15. Qg5 Qxg5+ 16. Nxg5 h6 17. Nf3 0-0-0 18. Ne5 Nxe5 19. dxe5 Rxd1+ 20. Rxd1 Rd8 21. Rxd8+ Kxd8 22. Kd2 f6 23. f4 fxe5 24. fxe5 Kc7 25. Kd3 c5 26. c4 Kd7 27. h3 h5 28. h4 Ke7 29. Ke4 Kf7 30. Kf4 Kg6 31. Ke4 b6 32. a4 a5 33. b3 Kh6 34. Kf4 Kg6 35. g3 Kh6 36. Ke4 g5 37. Ke3 Kg6 38. Ke4 Kh6 39. g4 1/2-1/2

[Event "Ceske Budejovice op-B"]
[Site "Ceske Budejovice"]
[Date "2020.07.05"]
[Round "5"]
[White "Kutak, Jaroslav"]
[Black "Kroulik, Stepan"]
[Result "1/2-1/2"]
[WhiteElo "1737"]
[BlackElo "1052"]
[PlyCount "42"]
[EventDate "2020.07.01"]
[EventType "swiss"]
[EventRounds "9"]
[EventCountry "CZE"]
[SourceTitle "CBM 197 Extra"]
[Source "ChessBase"]
[SourceDate "2020.09.30"]
[SourceVersion "1"]
[SourceVersionDate "2020.09.30"]
[SourceQuality "1"]

1. e4 c5 2. Nf3 Nc6 3. Nc3 e6 4. d3 Nf6 5. Be3 Be7 6. Be2 0-0 7. 0-0 d5 8. exd5 exd5 9. Bd2 Be6 10. Ng5 Bf5 11. Bf3 h6 12. Nh3 Qd7 13. Nf4 d4 14. Ncd5 Nxd5 15. Nxd5 Be6 16. Nxe7+ Qxe7 17. Re1 Qf6 18. Bxc6 bxc6 19. b3 Bd5 20. Rc1 Qg6 21. f3 Be6 1/2-1/2